Library Banner

Wavell and the dying days of the Raj : (Record no. 135208)

MARC details
000 -LEADER
fixed length control field 00549nam a2200181 4500
005 - DATE AND TIME OF LATEST TRANSACTION
control field 20240920105612.0
008 - FIXED-LENGTH DATA ELEMENTS--GENERAL INFORMATION
fixed length control field 240920b |||||||| |||| 00| 0 eng d
020 ## - INTERNATIONAL STANDARD BOOK NUMBER
International Standard Book Number 9780190707842
040 ## - CATALOGING SOURCE
Transcribing agency PK-LaUMT
082 ## - DEWEY DECIMAL CLASSIFICATION NUMBER
Classification number 954.0357
Item number IQB-W
100 ## - MAIN ENTRY--PERSONAL NAME
Personal name Iqbal Chawla, Muhammad
245 ## - TITLE STATEMENT
Title Wavell and the dying days of the Raj :
Remainder of title Britain's Penultimate Viceroy in India /
Statement of responsibility, etc by Muhammad Iqbal Chawla
250 ## - EDITION STATEMENT
Edition statement 2nd ed.
260 ## - PUBLICATION, DISTRIBUTION, ETC. (IMPRINT)
Place of publication, distribution, etc Karachi :
Name of publisher, distributor, etc Oxford University Press,
Date of publication, distribution, etc 2023
300 ## - PHYSICAL DESCRIPTION
Extent xv, 313 p. :
546 ## - LANGUAGE NOTE
Language note English
942 ## - ADDED ENTRY ELEMENTS (KOHA)
Koha item type Books
Holdings
Withdrawn status Lost status Damaged status Home library Current library Date acquired Full call number Barcode Date last seen Price effective from Koha item type
      UMT Main Campus UMT Main Campus 2024-09-20 954.0357 IQB-W 147368 2024-09-20 2024-09-20 Books